| 000 | nam a22 a 4500 | ||
|---|---|---|---|
| 999 |
_c4378 _d4378 |
||
| 003 | AKMAL | ||
| 005 | 20170529114613.0 | ||
| 008 | 17 s2007 my | e l 000 0 may d | ||
| 020 | _a9789678917971 (kkt.) | ||
| 082 | 0 | 4 |
_a345.59505 MAL _222 |
| 090 | 0 | 0 |
_a345.59505 _bMAL |
| 110 | 1 |
_aMalaysia _9400 |
|
| 245 | 1 | 0 |
_aKanun prosedur jenayah (Akta 593) : _bhingga 5hb Julai 2007 / _cdisusun oleh Lembaga Penyelidikan Undang-Undang |
| 260 |
_aPetaling Jaya : _bInternational Law Book Services, _c2007 |
||
| 300 |
_a266ms. ; _c24cm. |
||
| 650 | 1 | 0 |
_aCriminal law _zMalaysia _93716 |
| 650 | 2 | 0 |
_aCriminal procedure _zMalaysia _93883 |
| 710 | 2 |
_aLembaga Penyelidikan Undang-Undang _98538 |
|
| 942 |
_2ddc _cBOOK |
||